000 00897pam a2200301 a 4500
001 426628
003 Ke-BoTe
005 20220524153035.0
008 811116s1982 moua b 001 0 eng
010 _a 81018888
020 _a0801606675 (pbk.)
040 _aDLC
_cDLC
_dDLC
050 0 0 _aRT73
_b.B4 1982
060 _aWY 18 B572c
082 0 0 _a610.73/07/11
_219
100 1 _aBevis, Em Olivia.
_95667
245 1 0 _aCurriculum building in nursing :
_ba process /
_cEm Olivia Bevis.
250 _a3rd ed.
260 _aSt. Louis :
_bMosby,
_c1982.
300 _axii, 282 p. :
_bill. ;
_c24 cm.
504 _aIncludes bibliographies and index.
650 0 _aNursing
_xStudy and teaching.
_94502
650 0 _aCurriculum planning.
_96543
650 2 _aCurriculum.
_96544
650 2 _aEducation, Nursing.
_94535
906 _a7
_bcbc
_corignew
_d1
_eocip
_f19
_gy-gencatlg
942 _2lcc
_cBK
_n0
999 _c3150
_d3150